Menová politika Federálneho rezervného systému v rokoch 1929–1933

Problematika riadenia likvidity bankového systému FED medzi rokmu 1929-1933 v širších súvislostiach bankovej krízy.

Saved in:
Bibliographic Details
Main Author: Titze, Miroslav
Format: Book Chapter
Language:Slovak
Subjects:
Tags: Add Tag
No Tags, Be the first to tag this record!

MARC

LEADER 00000naa a2200000 4500
001 0195011
005 20231207125515.8
041 0 |a slo 
044 |a CZ 
245 1 0 |a Menová politika Federálneho rezervného systému v rokoch 1929–1933  |c Miroslav Titze 
520 |a Problematika riadenia likvidity bankového systému FED medzi rokmu 1929-1933 v širších súvislostiach bankovej krízy. 
610 2 0 |a politika menová 
610 2 0 |a likvidita 
610 2 0 |a nástroje bankové 
610 2 0 |a kríza finančná 
610 2 0 |a banky centrálne 
100 1 |a Titze, Miroslav